Équipe du Portugal de Football - Tous les joueurs (2000-....) - Statistiques

Statistiques générales
  • Ce quiz a été pris 3 375 fois
    400 depuis la dernière actualisation
  • Le résultat moyen est 66 sur 194
Statistiques - réponses
Première sélection Dernière sélection Joueur Nb de sélections % Correct
2003 Cristiano Ronaldo 225
100%
2007 2024 Pepe 141
93%
2023 Joao Neves 18
87%
2015 Bernardo Silva 105
86%
2015 Ruben Neves 61
85%
1991 2006 Luis Figo 127
83%
2021 Nuno Mendes 41
83%
2022 Antonio Silva 18
82%
2022 Vitinha 33
82%
2016 2022 André Silva 53
81%
2014 2018 Adrien Silva 26
80%
2014 2021 Rafa Silva 25
80%
2010 2024 Rui Patricio 108
80%
2021 Rui Silva 1
80%
2024 Fabio Silva 1
78%
2002 2002 Jorge Silva 2
78%
2024 Jota Silva 2
78%
2003 2018 Ricardo Quaresma 80
78%
2021 Diogo Costa 40
77%
2017 Bruno Fernandes 84
76%
1993 2004 Rui Costa 94
76%
2002 2010 Pedro Mendes 11
75%
2018 2018 Pedro Mendes 1
75%
2006 2017 Nani 112
73%
2023 José Sa 3
72%
2009 2009 Orlando Sa 1
71%
2018 Ruben Dias 72
71%
1992 2002 Jorge Costa 50
70%
2005 2014 Ricardo Costa 22
69%
2024 Samu Costa 2
69%
2018 2018 Hélder Costa 1
68%
2007 2009 Daniel Fernandes 2
67%
2019 2025 Diogo Jota 49
67%
2018 2018 Gedson Fernandes 2
67%
2019 Joao Felix 48
67%
2005 2018 Manuel Fernandes 15
67%
2003 2016 Ricardo Carvalho 89
67%
2013 2022 William Carvalho 80
67%
2021 Rafael Leao 41
66%
2012 2018 Eder 35
65%
2016 Joao Cancelo 62
64%
2003 2010 Deco 75
63%
2022 Gonçalo Ramos 20
63%
2018 2022 Mario Rui 12
62%
2018 2018 Claudio Ramos 1
60%
2005 2022 Joao Moutinho 146
58%
2009 2017 Fabio Coentrao 52
57%
1997 2006 Pauleta 88
56%
2015 2024 Danilo Pereira 74
54%
2016 2021 Renato Sanches 32
54%
2014 Raphaël Guerreiro 65
52%
2010 2014 Joao Pereira 40
50%
1996 2011 Nuno Gomes 79
50%
2015 2019 Ricardo Pereira 7
50%
2002 2002 Nélson Pereira 3
49%
2015 Nélson Semedo 46
48%
2014 2018 André Gomes 29
47%
2024 Francisco Conceiçao 12
47%
2020 2020 Ruben Semedo 3
47%
1996 2003 Sérgio Conceiçao 56
46%
2020 Pedro Neto 21
45%
2014 2014 Tiago Gomes 1
45%
2023 Toti Gomes 2
45%
2015 2021 Anthony Lopes 14
44%
2021 Diogo Dalot 30
44%
2014 2022 José Fonte 50
44%
2015 2015 Lucas Joao 2
44%
2012 2012 Miguel Lopes 4
43%
2007 2018 Bruno Alves 96
42%
2013 2018 Luis Neto 19
42%
2017 2018 Rony Lopes 2
42%
2023 Gonçalo Inacio 18
39%
2001 2008 Ricardo 79
39%
2020 Francisco Trincao 15
38%
2005 2005 Joao Alves 3
38%
2014 2023 Joao Mario 56
38%
2023 Joao Mario 3
38%
2006 2014 Raul Meireles 73
38%
1995 2000 Dani 9
37%
2015 Gonçalo Guedes 32
37%
2003 2009 Maniche 53
36%
2002 2010 Paulo Ferreira 62
35%
2017 2017 Ricardo Ferreira 1
34%
2007 2015 José Bosingwa 27
32%
2021 Matheus Nunes 16
32%
2003 2014 Hélder Postiga 71
31%
2021 Pedro Gonçalves 4
31%
1998 2010 Simao 85
31%
2021 Joao Palhinha 37
30%
2024 Renato Veiga 7
30%
2015 2015 André André 4
29%
1998 2006 Costinha 53
29%
2002 2015 Mendes Tiago 66
29%
2013 2015 André Almeida 8
28%
2011 2011 André Santos 2
28%
1997 2004 Beto 31
28%
2009 2018 Beto 16
28%
2004 2015 Hugo Almeida 57
28%
2005 2005 Paulo Santos 1
28%
2014 2022 Cédric Soares 34
27%
1990 2002 Vitor Baia 80
27%
1990 2004 Fernando Couto 110
25%
1991 2002 Joao Vieira Pinto 81
24%
2003 2010 Luis Miguel 59
24%
1994 2001 Ricardo Sa Pinto 45
24%
2015 2015 André Pinto 1
23%
2016 2018 Gelson Martins 21
23%
2024 Nuno Tavares 3
23%
2006 2013 Carlos Martins 17
22%
2007 2015 Miguel Veloso 56
22%
2013 2013 André Martins 2
21%
2018 2021 Sérgio Oliveira 13
21%
2008 2016 Danny 38
20%
2019 2019 Dyego Sousa 2
20%
2012 2017 Nelson Oliveira 17
20%
2015 2015 Paulo Oliveira 1
20%
1991 2002 Paulo Sousa 51
20%
2001 2008 Petit 57
20%
2014 Ricardo Horta 12
20%
1994 2004 Rui Jorge 45
20%
2017 Bruma 12
19%
2021 Otavio 22
19%
2009 2009 José Moreira 1
18%
2009 2016 Eduardo 36
17%
2009 2017 Eliseu 29
17%
2017 2018 Kévin Rodrigues 3
17%
2002 2006 Nuno Valente 33
17%
2020 2020 Paulinho 3
17%
2010 2015 Silvestre Varela 27
17%
2024 Tomas Araujo 1
17%
1993 2002 Abel Xavier 20
16%
2003 2003 Bruno Vale 1
16%
2010 2014 Ruben Amorim 14
16%
1992 2001 Hélder 35
15%
2001 2007 Jorge Andrade 51
15%
2009 2010 Liédson 15
15%
1992 2002 Paulo Bento 35
15%
2012 2019 Pizzi 17
15%
2009 2018 Rolando 21
15%
2009 2012 Nélson 4
14%
1991 2001 Rui Bento 6
14%
2000 2008 Fernando Meira 54
13%
1999 2008 Quim 32
13%
2013 2016 Vieirinha 25
13%
2001 2009 Luis Boa Morte 28
11%
2002 2008 Jorge Ribeiro 9
10%
2010 2013 Paulo Machado 6
10%
2024 Tiago Djalo 1
10%
1994 2001 Carlos Secretario 35
9%
1995 2002 Dimas 44
9%
2020 2021 Domingos Duarte 3
9%
2012 2012 Hélder Barbosa 1
9%
2001 2012 Hugo Viana 29
9%
2014 2014 Ivan Cavaleiro 2
9%
1992 2002 Pedro Barbosa 22
9%
2007 2017 Vitorino Antunes 13
9%
1996 2002 Capucho 34
8%
2020 2020 Daniel Podence 1
8%
2007 2010 Duda 18
8%
2010 2010 Hilario 1
8%
2009 2014 Edinho 6
7%
2013 2014 Josué 4
7%
2002 2008 Marco Caneira 25
7%
2002 2006 Ricardo Rocha 6
7%
2011 2013 Ruben Micael 16
7%
2005 2005 Alex 3
6%
2017 2019 Gonçalo Paciência 2
6%
2017 2017 José Marafona 1
6%
2010 2013 Silvio 8
6%
2007 2008 Ariza Makukula 4
5%
2015 2015 Daniel Carriço 1
5%
2001 2005 Frechaut 17
5%
2009 2009 Gonçalo Brandao 2
5%
2000 2007 Joao Tomas 4
5%
2000 2000 Paulo Cabral 1
5%
2006 2010 Tonel 2
5%
2000 2002 Vidigal 15
5%
2009 2009 Zé Castro 1
5%
2013 2013 Lica 1
4%
2015 2015 Ukra 1
4%
2012 2013 Custodio 10
3%
2017 2017 Edgar Ié 1
3%
2013 2013 Sereno 2
3%
2002 2002 Bino 3
2%
2008 2008 César Peixoto 1
2%
2000 2000 Delfim 1
2%
1999 2001 Litos 6
2%
2003 2003 Luis Loureiro 6
2%
2002 2009 Nuno Assis 2
2%
1998 2000 Pedro Espinha 6
2%
2003 2005 Rogério Matias 5
2%
2003 2003 Silas 3
2%
2002 2002 Neca 2
1%
2002 2002 Romeu 3
1%
Aucun quiz correspondant
Distribution des résultats
% des personnes avec chaque résultat
Percentile par nombre de réponses
Votre historique - résultats
Vous n’avez pas pris ce quiz depuis la dernière actualisation